| 000 | 00854nam1a22002411i 4500 | ||
|---|---|---|---|
| 001 | rc\4020642 | ||
| 005 | 20240726003610.0 | ||
| 035 | _a(NLR Aleph) 008086336 | ||
| 090 |
_a9155784 _c9155784 |
||
| 100 | _a20130415d1951 |||y0rusy50 ca | ||
| 101 | 0 | _arus | |
| 102 | _aRU | ||
| 105 | _ay z ||||| | ||
| 200 | 1 |
_aСборник задач по высшей математике _e[Для вузов] |
|
| 210 |
_aМосква _aЛенинград _cГос. изд-во техн.-теорет. лит. _d1951 |
||
| 215 | _d23 | ||
| 606 |
_aМатематика высшая _jЗадачники _2psbo |
||
| 700 | 1 |
_aГюнтер _bН.М. _f1871-1941 _gНиколай Максимович |
|
| 701 | 1 |
_aКузьмин _bР.О. _gРодион Осиевич |
|
| 801 | 0 |
_aRU _bNLR _gpsbo |
|
| 801 | 1 |
_aRU _bELAR _2rusmarc |
|
| 852 |
_aNLR _jМт02 Г-5/330 |
||
| 942 | _cBOOK | ||